• 首页
  • 本馆介绍
  • 公告通知
  • 最新文献
  • 馆藏检索
  • 电子资源
  • 读者导购
  • 参考咨询
  • 我的图书馆
  • 登录
  • 详细信息显示
  • 放入我的书架
  • 预约/预借图书
  • 作者相关作品
  • 分类相关作品
  • 丛书相关作品
  • 出版社相关作品

书目信息

  • 表格格式
  • 工作单格式
  • 卡片格式
题名:
油画棒画得比油画还棒
    
 
作者: 路正先 主编 ;齐晓晶工作室 著
分册:  
出版信息: 上海   上海交通大学出版社  2018.2
页数: 137页
开本: 21cm
丛书名:
单 册:
中图分类: J216
科图分类:
主题词: 蜡笔画--风景画--绘画技法--教材
电子资源:
ISBN: 978-7-313-17244-0
000 01339nam0 2200301 45
001 012001001590
005 20130912164806.0
010    @a978-7-313-17244-0@dCNY42.00
099    @aCAL 012017152175
100    @a20171031d2017 em y0chiy0110 ea
101 0  @achi
102    @aCN@b310000
105    @aa z 000yy
106    @ar
200 1  @a油画棒画得比油画还棒@Ayou hua bang hua de bi you hua huan bang@d= Oil pastel is even better than oil paint@f路正先主编@g齐晓晶工作室著@zeng
210    @a上海@c上海交通大学出版社@d2018.2
215    @a137页@c彩图@d21cm
300    @a印象派风景教程
300    @a并列题名:Oil pastel is even better than oil paint
314    @a路正先,男,齐晓晶工作室教学总监,多家机构、学校、企业、协会合作教师,举办个人艺术类专题讲座百余场,作品展于今日美术馆。
330    @a本书从绘画示范解析,再到难点答疑,使读者可以根据此书自主学习绘画技法。语言简单直接,通俗易懂,避免绘画上枯燥的专业理论句式,适用于学生或零基础绘画爱好者。绘画题材的选取也归纳了年来的热门内容,画面内容确保与读者产生审美共鸣。
510 1  @aOil pastel is even better than oil paint@zeng
606 0  @a蜡笔画@x风景画@x绘画技法@j教材
690    @aJ216@v5
701  0 @a路正先@Alu zheng xian@4主编
712 02 @a齐晓晶工作室@Aqi xiao jing gong zuo shi@4著
801    @aCN@b江苏凤凰@c20211018
905    @b1344097-100@dJ216@e1417@f4
    
    油画棒画得比油画还棒= Oil pastel is even better than oil paint/路正先主编/齐晓晶工作室著.-上海:上海交通大学出版社,2018.2
    137页:彩图;21cm
    印象派风景教程.-并列题名:Oil pastel is even better than oil paint
    
    ISBN 978-7-313-17244-0:CNY42.00
    本书从绘画示范解析,再到难点答疑,使读者可以根据此书自主学习绘画技法。语言简单直接,通俗易懂,避免绘画上枯燥的专业理论句式,适用于学生或零基础绘画爱好者。绘画题材的选取也归纳了年来的热门内容,画面内容确保与读者产生审美共鸣。
●
相关链接 在E读中查询图书 在五车中查询图书 在当当中查询图书 在豆瓣中查询图书


正题名:油画棒画得比油画还棒     索取号:J216/1417         预约/预借

序号 登录号 条形码 馆藏地/架位号 状态 备注
1 1344097   213440971   第一样本阅览室/ [索取号:J216/1417] 在馆    
2 1344098   213440980   第一借阅区/ [索取号:J216/1417] 在馆    
3 1344099   213440999   第一借阅区/ [索取号:J216/1417] 在馆    
4 1344100   213441006   第一借阅区/ [索取号:J216/1417] 在馆    
唐山师范学院图书馆 欢迎您!
大连网信软件有限公司© 版权所有